00495nam a2200169Ia 4500003000900000008004100009020002200050040001600072080002200088100002000110245007600130260004800206300001400254650001900268650001900287700001900306IN-BaIIA211028s9999 xx 000 0 eng d a978-1-10701-346-9 cIIA Library a(084.4)524.3bMEL aMellinger, Axel 4aThe Cambridge photographic star atlascAxel Mellinger and Ronald Stoyan aCambridgebCambridge University Pressc2011 aix, 176p. aAtlasses-Stars aStars-Atlasses aStoyan, Ronald